[Event "CAN-op"]
[Site "Calgary CAN"]
[Date "1996.07.14"]
[Round "3.48"]
[White "Nemeth, Joseph"]
[Black "Strojevs, Alexander"]
[Result "0-1"]
[WhiteElo "1493"]
[BlackElo "1927"]
[PlyCount "70"]
[EventDate "1996.07.13"]
[EventType "swiss"]
[EventRounds "10"]
[EventCountry "CAN"]

1. e3 e5 2. d3 Nf6 3. h3 d5 4. g3 c5 5. b3 Nc6 6. Bg2 Be7 7. Bb2 O-O 8. g4 e4
9. dxe4 Nxe4 10. Bxe4 dxe4 11. Qxd8 Rxd8 12. a3 f5 13. gxf5 Bxf5 14. Ne2 Bh4
15. Nbc3 Ne5 16. Ng1 c4 17. Nce2 Bf6 18. Rd1 cxb3 19. Nd4 bxc2 20. Nxc2 Nd3+
21. Rxd3 exd3 22. Nd4 Bg6 23. Kd2 Rac8 24. Ngf3 Be4 25. Rc1 Bxf3 26. Kxd3 Rxc1
27. Bxc1 Bg2 28. Kc3 Bxh3 29. Bb2 Bxd4+ 30. exd4 Be6 31. Kd3 h5 32. f4 h4 33.
Bc3 Bd5 34. Ke3 h3 35. f5 h2 0-1

[Event "CAN-op"]
[Site "Calgary CAN"]
[Date "1996.07.15"]
[Round "4"]
[White "Beckwith, Paul"]
[Black "Spraggett, Kevin"]
[Result "0-1"]
[WhiteElo "2299"]
[BlackElo "2600"]
[PlyCount "59"]
[EventDate "1996.07.13"]
[EventType "swiss"]
[EventRounds "10"]
[EventCountry "CAN"]
[SourceDate "2003.08.17"]

1. e4 c6 2. d4 d5 3. exd5 cxd5 4. c4 Nf6 5. c5 g6 6. Nc3 Bg7 7. Bb5+ Nc6 8. Nf3
O-O 9. O-O Bg4 10. Be3 Ne4 11. Bxc6 bxc6 12. h3 Bxf3 13. Qxf3 f5 14. g3 e5 15.
dxe5 Bxe5 16. Ne2 Qf6 17. Rab1 Bxb2 18. Rfd1 Rab8 19. Rd3 Rfe8 20. Rbd1 Be5 21.
Rc1 Rb2 22. a3 Reb8 23. h4 a5 24. Nd4 a4 25. Ne2 R8b3 26. Bf4 Bxf4 27. gxf4
Qxh4 28. Rxb3 Rxb3 29. Qg2 Rh3 30. Kf1 0-1

[Event "CAN-op"]
[Site "Calgary CAN"]
[Date "1996.07.15"]
[Round "4"]
[White "Ficko, Brady"]
[Black "Day, Lawrence"]
[Result "0-1"]
[WhiteElo "1891"]
[BlackElo "2431"]
[PlyCount "70"]
[EventDate "1996.07.13"]
[EventType "swiss"]
[EventRounds "10"]
[EventCountry "CAN"]
[SourceDate "2003.08.17"]

1. e4 b6 2. d4 Bb7 3. Nc3 e6 4. a3 d6 5. Nf3 Nd7 6. Bc4 g6 7. Bg5 Ne7 8. Qe2 a6
9. O-O Bg7 10. Rad1 h6 11. Bh4 O-O 12. Rfe1 Qe8 13. Ba2 Kh7 14. Bg3 Rd8 15. e5
Nf5 16. d5 Nxg3 17. hxg3 Nxe5 18. Nxe5 Bxe5 19. f4 Bxc3 20. bxc3 exd5 21. Qd3
Qb5 22. Bxd5 Qc5+ 23. Kh2 Bxd5 24. Qxd5 Qxd5 25. Rxd5 Rde8 26. Rdd1 Kg7 27. Kg1
Kf6 28. Kf2 Re6 29. Rd4 Rxe1 30. Kxe1 Re8+ 31. Kf2 h5 32. Rc4 c5 33. Kf3 d5 34.
Ra4 a5 35. f5 c4 0-1

[Event "CAN-op"]
[Site "Calgary CAN"]
[Date "1996.07.15"]
[Round "4"]
[White "Gentes, Kevin"]
[Black "Smirin, Ilia"]
[Result "0-1"]
[WhiteElo "2373"]
[BlackElo "2625"]
[PlyCount "60"]
[EventDate "1996.07.13"]
[EventType "swiss"]
[EventRounds "10"]
[EventCountry "CAN"]
[SourceDate "2003.08.17"]

1. d4 Nf6 2. c4 c5 3. e3 g6 4. Nc3 Bg7 5. Nf3 O-O 6. Be2 b6 7. O-O e6 8. b3 Bb7
9. Bb2 Nc6 10. dxc5 bxc5 11. Na4 Qe7 12. Nd2 Rfd8 13. Bf3 Rac8 14. Rc1 d6 15.
a3 h5 16. h3 Nh7 17. Bxg7 Kxg7 18. Be2 Nf6 19. Nc3 d5 20. cxd5 exd5 21. Re1 d4
22. exd4 cxd4 23. Ncb1 Qd7 24. Bd3 Nd5 25. Ne4 Ne5 26. Bf1 Nf4 27. Rxc8 Rxc8
28. Ng5 Qd5 29. Qd2 Ned3 30. Re7 Qxg5 0-1

[Event "CAN-op"]
[Site "Calgary CAN"]
[Date "1996.07.15"]
[Round "4"]
[White "Milne, Arthur"]
[Black "Yoos, John"]
[Result "1-0"]
[WhiteElo "1944"]
[BlackElo "2445"]
[PlyCount "63"]
[EventDate "1996.07.13"]
[EventType "swiss"]
[EventRounds "10"]
[EventCountry "CAN"]
[SourceDate "2003.08.17"]

1. e4 c5 2. Nf3 e6 3. d4 cxd4 4. Nxd4 a6 5. Bd3 g6 6. Nc3 Bg7 7. Nf3 Nc6 8. Bg5
Qc7 9. Qd2 Nf6 10. Bh6 O-O 11. h4 b5 12. h5 b4 13. Ne2 d6 14. Bxg7 Kxg7 15.
O-O-O Kg8 16. Ng3 Qa5 17. Kb1 Qc5 18. hxg6 fxg6 19. Rh4 Ra7 20. Rdh1 Rg7 21.
Ng5 Ne5 22. f4 Nxd3 23. cxd3 Rc7 24. d4 Qc4 25. e5 dxe5 26. fxe5 Nh5 27. b3 Qb5
28. Nxh5 gxh5 29. Ne4 Rf1+ 30. Rxf1 Qxf1+ 31. Kb2 Kh8 32. Rf4 1-0

[Event "CAN-op"]
[Site "Calgary CAN"]
[Date "1996.07.15"]
[Round "4"]
[White "Yudasin, Leonid"]
[Black "Cabanas, Francisco"]
[Result "1-0"]
[WhiteElo "2595"]
[BlackElo "2060"]
[PlyCount "68"]
[EventDate "1996.07.13"]
[EventType "swiss"]
[EventRounds "10"]
[EventCountry "CAN"]
[SourceDate "2003.08.17"]

1. e4 d5 2. exd5 Nf6 3. d4 Nxd5 4. c4 Nb6 5. Nf3 Bg4 6. Be2 Nc6 7. d5 Bxf3 8.
Bxf3 Ne5 9. Be2 c6 10. Qd4 Ng6 11. Be3 e5 12. dxe6 Bb4+ 13. Nc3 Qxd4 14. Bxd4
Nf4 15. Bxg7 Rg8 16. Bh6 Nxe2 17. Kxe2 Bxc3 18. exf7+ Kxf7 19. bxc3 Nxc4 20.
Bf4 h5 21. Rad1 Rge8+ 22. Kf3 Rad8 23. Bg5 Ne5+ 24. Kg3 Rxd1 25. Rxd1 Kg6 26.
h4 Nc4 27. Rd7 Re2 28. Rxb7 Rxa2 29. Rc7 Ra6 30. f3 Nd6 31. Rd7 Nf5+ 32. Kh3
Ra3 33. Rc7 Rxc3 34. Rxa7 Rc1 1-0

[Event "CAN-op"]
[Site "Calgary CAN"]
[Date "1996.07.15"]
[Round "4.27"]
[White "Strojevs, Alexander"]
[Black "Odashowski, Arthur"]
[Result "1/2-1/2"]
[WhiteElo "1927"]
[BlackElo "2086"]
[PlyCount "81"]
[EventDate "1996.07.13"]
[EventType "swiss"]
[EventRounds "10"]
[EventCountry "CAN"]

1. d4 Nf6 2. c4 g6 3. Nc3 Bg7 4. e4 d6 5. Nf3 O-O 6. Be2 e5 7. d5 Na6 8. O-O
Nc5 9. Nd2 a5 10. f3 Nh5 11. a3 f5 12. Rb1 a4 13. b4 axb3 14. Nxb3 Nxb3 15.
Rxb3 b6 16. Rb1 Bd7 17. Ra1 Nf4 18. Kh1 Bf6 19. Bd2 Bg5 20. Re1 Nh5 21. Rf1
Bxd2 22. Qxd2 Qh4 23. Qe1 Qxe1 24. Rfxe1 f4 25. Kg1 Ra5 26. Ra2 Rfa8 27. Rea1
Kf7 28. Kf2 Nf6 29. a4 Be8 30. Nb5 Bxb5 31. cxb5 Nd7 32. Bd1 Nc5 33. Bc2 Kf6
34. g3 h5 35. h3 g5 36. g4 hxg4 37. hxg4 Rh8 38. Kg2 Nb7 39. Rh1 Rxh1 40. Kxh1
Ra8 41. Kg2 1/2-1/2

[Event "CAN-op"]
[Site "Calgary CAN"]
[Date "1996.07.16"]
[Round "5"]
[White "Day, Lawrence"]
[Black "Harkes, Lewis"]
[Result "1-0"]
[WhiteElo "2431"]
[BlackElo "2121"]
[PlyCount "79"]
[EventDate "1996.07.13"]
[EventType "swiss"]
[EventRounds "10"]
[EventCountry "CAN"]
[SourceDate "2003.08.17"]

1. e4 d5 2. exd5 Qxd5 3. Nc3 Qa5 4. g3 Nf6 5. Bg2 c6 6. h3 Bf5 7. Nf3 e6 8. O-O
Bd6 9. d3 Nbd7 10. Qe1 h6 11. Ne4 Bb4 12. Bd2 Bxd2 13. Nd6+ Ke7 14. Nxd2 Ne8
15. b4 Qe5 16. Nxb7 Rc8 17. Na5 Qxe1 18. Rfxe1 c5 19. Nc6+ Kf6 20. Nxa7 Rc7 21.
Nb5 Rc8 22. g4 Bh7 23. Na7 Rc7 24. Nc6 cxb4 25. Nxb4 Nd6 26. a4 h5 27. a5 hxg4
28. hxg4 Nb5 29. c4 Na7 30. d4 Kg5 31. Na6 Rcc8 32. Bb7 Kxg4 33. Ra3 Kg5 34.
Bxc8 Rxc8 35. c5 Nb5 36. Nf3+ Kf4 37. Rb3 Be4 38. Rxe4+ Kxe4 39. Ng5+ Kf4 40.
Rxb5 1-0

[Event "CAN-op"]
[Site "Calgary CAN"]
[Date "1996.07.16"]
[Round "5"]
[White "Dougherty, Michael"]
[Black "Nazarian, Farzan"]
[Result "1-0"]
[WhiteElo "2330"]
[BlackElo "2161"]
[PlyCount "44"]
[EventDate "1996.07.13"]
[EventType "swiss"]
[EventRounds "10"]
[EventCountry "CAN"]
[SourceDate "2003.08.17"]

1. e4 d6 2. d4 Nf6 3. Nc3 g6 4. f4 Bg7 5. Nf3 O-O 6. Bd3 c5 7. dxc5 dxc5 8. e5
Nh5 9. O-O Nc6 10. Ne4 Qc7 11. c3 a6 12. Be3 Rd8 13. Qe2 b5 14. Nxc5 b4 15.
Rac1 a5 16. Be4 Rb8 17. cxb4 Rxb4 18. a3 Rb8 19. Na6 Bxa6 20. Qxa6 Qb7 21. Qxb7
Rxb7 22. Bxc6 Rxb2 1-0

[Event "CAN-op"]
[Site "Calgary CAN"]
[Date "1996.07.16"]
[Round "5"]
[White "Gibney, Eugene"]
[Black "Beckwith, Paul"]
[Result "1-0"]
[WhiteElo "2081"]
[BlackElo "2299"]
[PlyCount "62"]
[EventDate "1996.07.13"]
[EventType "swiss"]
[EventRounds "10"]
[EventCountry "CAN"]
[SourceDate "2003.08.17"]

1. e4 c5 2. d4 cxd4 3. c3 dxc3 4. Nxc3 d6 5. Nf3 Nc6 6. Bc4 e6 7. O-O Nf6 8.
Qe2 a6 9. Rd1 Bd7 10. Bf4 e5 11. Bg5 h6 12. Bxf6 Qxf6 13. Nd5 Qd8 14. b4 Rc8
15. Rac1 Bg4 16. h3 Nd4 17. Rxd4 Bxf3 18. Qxf3 exd4 19. Qf5 Rc6 20. b5 Rc5 21.
b6 Qd7 22. Qf4 f6 23. Qd2 Kd8 24. Qxd4 Kc8 25. Nf4 Kb8 26. Ng6 Rg8 27. Rd1 a5
28. Nxf8 Qc6 29. Qxc5 Qxc5 30. Nd7+ Kc8 31. Nxc5 dxc5 1-0

[Event "CAN-op"]
[Site "Calgary CAN"]
[Date "1996.07.16"]
[Round "5"]
[White "Niksic, John"]
[Black "Gentes, Kevin"]
[Result "1/2-1/2"]
[WhiteElo "2134"]
[BlackElo "2373"]
[PlyCount "95"]
[EventDate "1996.07.13"]
[EventType "swiss"]
[EventRounds "10"]
[EventCountry "CAN"]
[SourceDate "2003.08.17"]

1. d4 Nf6 2. c4 e6 3. Nf3 c5 4. d5 exd5 5. cxd5 d6 6. Nc3 g6 7. g3 Bg7 8. Bg2
O-O 9. O-O Re8 10. h3 a6 11. a4 Nbd7 12. Nd2 Rb8 13. Nc4 Ne5 14. Na3 Nh5 15. f4
Nxg3 16. fxe5 Nxf1 17. Qxf1 Bxe5 18. Nc4 Bd4+ 19. e3 Bxc3 20. bxc3 b5 21. axb5
axb5 22. Na5 Bd7 23. Nc6 Bxc6 24. dxc6 Qe7 25. Bd5 Rec8 26. e4 Rc7 27. Bf4 Kg7
28. Qf3 Rd8 29. Rb1 g5 30. Qg3 h6 31. Rxb5 Kh7 32. Bd2 Ra8 33. Rb7 Ra1+ 34. Kh2
c4 35. Bxc4 Rxb7 36. cxb7 Qxb7 37. Qf2 Rh1+ 38. Kxh1 Qxe4+ 39. Kg1 Qxc4 40.
Qf5+ Kg7 41. Qf2 Qe6 42. Qf3 Qa2 43. Be1 Qb1 44. Qe3 d5 45. Kf2 Qb5 46. Bd2 Kg6
47. Qe5 Qd3 48. Qe3 1/2-1/2

[Event "CAN-op"]
[Site "Calgary CAN"]
[Date "1996.07.16"]
[Round "5"]
[White "Rasmussen, Barry"]
[Black "Yoos, John"]
[Result "1-0"]
[WhiteElo "2174"]
[BlackElo "2445"]
[PlyCount "97"]
[EventDate "1996.07.13"]
[EventType "swiss"]
[EventRounds "10"]
[EventCountry "CAN"]
[SourceDate "2003.08.17"]

1. e4 c5 2. Nf3 Nc6 3. d4 cxd4 4. Nxd4 e5 5. Nb5 d6 6. c4 Be6 7. N1c3 a6 8. Na3
Be7 9. Be2 Bg5 10. O-O Bxc1 11. Rxc1 Nf6 12. Kh1 O-O 13. Nc2 Rc8 14. f4 exf4
15. Rxf4 Ne5 16. Nd5 Bxd5 17. exd5 Re8 18. Ne1 Ng6 19. Rf1 Qb6 20. b3 Re5 21.
Nf3 Re7 22. Qd4 Qa5 23. Bd3 Rce8 24. Ng5 Re1 25. Qf2 Rxc1 26. Rxc1 Ne5 27. Bb1
Neg4 28. Bxh7+ Kf8 29. Qg3 Qc5 30. h3 Re5 31. hxg4 Rxg5 32. Bf5 g6 33. Qf4 Nh7
34. Be6 f5 35. g3 Kg7 36. gxf5 Rh5+ 37. Kg2 g5 38. Qd2 Nf6 39. b4 Qb6 40. c5
dxc5 41. bxc5 Qd8 42. Rh1 Qh8 43. Rxh5 Qxh5 44. Qb2 g4 45. Qxb7+ Kh6 46. Qc7
Qh3+ 47. Kg1 Nh5 48. Qe5 Nxg3 49. Qf6+ 1-0

[Event "CAN-op"]
[Site "Calgary CAN"]
[Date "1996.07.16"]
[Round "5"]
[White "Spraggett, Kevin"]
[Black "Philip, Tim"]
[Result "1-0"]
[WhiteElo "2600"]
[BlackElo "2186"]
[PlyCount "73"]
[EventDate "1996.07.13"]
[EventType "swiss"]
[EventRounds "10"]
[EventCountry "CAN"]
[SourceDate "2003.08.17"]

1. e4 c5 2. Nf3 d6 3. c3 Nf6 4. Be2 Nc6 5. d3 e6 6. Nbd2 Be7 7. O-O O-O 8. Re1
b5 9. Bf1 Rb8 10. a3 a5 11. a4 b4 12. d4 d5 13. exd5 bxc3 14. dxc6 cxb2 15.
Bxb2 Rxb2 16. Bb5 cxd4 17. Nc4 Rb4 18. Qxd4 Nd5 19. Qa7 Nc3 20. c7 Qd5 21. Nb6
Nxb5 22. Nxd5 Nxa7 23. Nxe7+ Kh8 24. Red1 g6 25. Ne5 Kg7 26. Rd8 Re4 27. f4
Rxf4 28. Rad1 Ba6 29. g3 Rxa4 30. Nd7 Rh8 31. Rxh8 Kxh8 32. Nc5 Rc4 33. Nxa6
Kg7 34. Rd8 a4 35. Ra8 a3 36. Rxa7 a2 37. Nc5 1-0

[Event "CAN-op"]
[Site "Calgary CAN"]
[Date "1996.07.16"]
[Round "5.21"]
[White "Pitre, Hanniegn"]
[Black "Strojevs, Alexander"]
[Result "0-1"]
[WhiteElo "2078"]
[BlackElo "1927"]
[PlyCount "48"]
[EventDate "1996.07.13"]
[EventType "swiss"]
[EventRounds "10"]
[EventCountry "CAN"]

1. e4 c5 2. Nf3 d6 3. d4 cxd4 4. Nxd4 Nf6 5. Nc3 g6 6. Be3 Bg7 7. f3 O-O 8. Qd2
Nc6 9. g4 Be6 10. O-O-O Nxd4 11. Bxd4 Qa5 12. a3 Rfc8 13. h4 b5 14. h5 b4 15.
Nd5 Bxd5 16. exd5 Qa4 17. hxg6 fxg6 18. g5 bxa3 19. bxa3 Rab8 20. Qd3 Rb3 21.
Qa6 Rb1+ 22. Kxb1 Qxc2+ 23. Ka1 Qxd1+ 24. Ka2 Rc2+ 0-1

[Event "CAN-op"]
[Site "Calgary CAN"]
[Date "1996.07.17"]
[Round "6"]
[White "Chow, Vincent"]
[Black "Bourassa, Ken"]
[Result "1-0"]
[WhiteElo "1982"]
[BlackElo "1653"]
[PlyCount "55"]
[EventDate "1996.07.13"]
[EventType "swiss"]
[EventRounds "10"]
[EventCountry "CAN"]
[SourceDate "2003.08.17"]

1. d4 Nf6 2. c4 g6 3. Nc3 d5 4. cxd5 Nxd5 5. e4 Nxc3 6. bxc3 Bg7 7. Bc4 O-O 8.
Ne2 c5 9. Be3 cxd4 10. cxd4 Nc6 11. h4 a6 12. h5 b5 13. Bd5 Bb7 14. hxg6 hxg6
15. Rc1 Qd7 16. Qd2 e6 17. Bxc6 Bxc6 18. Bh6 f5 19. Bxg7 Kxg7 20. Qh6+ Kf7 21.
Qh7+ Ke8 22. Qxg6+ Rf7 23. Rh8+ Ke7 24. Qg5+ Kd6 25. e5+ Kc7 26. Rxa8 Kb7 27.
Qg8 Qc7 28. Rxc6 1-0

[Event "CAN-op"]
[Site "Calgary CAN"]
[Date "1996.07.17"]
[Round "6"]
[White "Dougherty, Michael"]
[Black "Philip, Tim"]
[Result "1-0"]
[WhiteElo "2330"]
[BlackElo "2186"]
[PlyCount "55"]
[EventDate "1996.07.13"]
[EventType "swiss"]
[EventRounds "10"]
[EventCountry "CAN"]
[SourceDate "2003.08.17"]

1. d4 Nf6 2. Nf3 g6 3. c4 Bg7 4. Nc3 d5 5. Bf4 O-O 6. e3 c5 7. dxc5 Qa5 8. Rc1
Ne4 9. cxd5 Nxc3 10. Qd2 Qxa2 11. bxc3 Qa5 12. e4 Nd7 13. Bh6 Nxc5 14. Bxg7
Kxg7 15. Qd4+ Kg8 16. Bc4 Bd7 17. O-O a6 18. Ne5 Rac8 19. Ra1 Qc7 20. f4 b5 21.
Ba2 Qd6 22. f5 f6 23. Ng4 h5 24. e5 fxe5 25. Nxe5 Bxf5 26. Rae1 Rf6 27. Nc6 Rc7
28. Nxe7+ 1-0

[Event "CAN-op"]
[Site "Calgary CAN"]
[Date "1996.07.17"]
[Round "6"]
[White "Fielding, Gerald"]
[Black "Vasilev, Yuri"]
[Result "1-0"]
[WhiteElo "2059"]
[BlackElo "2263"]
[PlyCount "104"]
[EventDate "1996.07.13"]
[EventType "swiss"]
[EventRounds "10"]
[EventCountry "CAN"]
[SourceDate "2003.08.17"]

1. d4 Nf6 2. c4 c5 3. d5 e6 4. Nc3 exd5 5. cxd5 d6 6. Nf3 g6 7. e4 Bg7 8. Be2
O-O 9. O-O Re8 10. Nd2 a6 11. a4 b6 12. Qc2 Qc7 13. Nc4 Nbd7 14. Bd2 Rb8 15.
Na3 Bb7 16. Rae1 Re7 17. Bg5 h6 18. Bh4 g5 19. Bg3 Ne5 20. f3 Nh5 21. Bf2 Nf4
22. Nc4 Nxe2+ 23. Qxe2 Bc8 24. Bg3 Nxc4 25. Qxc4 Qd7 26. Ra1 b5 27. axb5 axb5
28. Qb3 b4 29. Nd1 Bd4+ 30. Kh1 Bb7 31. Bf2 Qb5 32. Nc3 Bxc3 33. bxc3 Ba6 34.
Rfb1 bxc3 35. Qa2 Qxb1+ 36. Rxb1 Rxb1+ 37. Qxb1 Rb7 38. Qc2 Rb2 39. Qxc3 Rxf2
40. h3 Re2 41. Qa5 Bd3 42. Qd8+ Kg7 43. Qxd6 c4 44. Qc7 Rd2 45. d6 Bf1 46. d7
Bxg2+ 47. Kg1 Bxh3 48. d8=Q Rxd8 49. Qxd8 Be6 50. Kf2 f6 51. Ke3 h5 52. Kd4 g4
1-0

[Event "CAN-op"]
[Site "Calgary CAN"]
[Date "1996.07.17"]
[Round "6"]
[White "Frialde, Arniel"]
[Black "Ferrar, John"]
[Result "1-0"]
[WhiteElo "2312"]
[BlackElo "2272"]
[PlyCount "97"]
[EventDate "1996.07.13"]
[EventType "swiss"]
[EventRounds "10"]
[EventCountry "CAN"]
[SourceDate "2003.08.17"]

1. d4 d5 2. Nf3 e6 3. c4 Be7 4. g3 c6 5. Bg2 Nd7 6. O-O Ngf6 7. Bg5 O-O 8. Nbd2
h6 9. Bf4 Re8 10. Qc2 Bf8 11. e4 dxe4 12. Nxe4 Nxe4 13. Qxe4 c5 14. dxc5 Bxc5
15. Rad1 Qb6 16. Bc1 e5 17. Nd2 Nf6 18. Qc2 Bg4 19. Rde1 Rad8 20. Nb3 Bb4 21.
Bd2 Bxd2 22. Nxd2 Qb4 23. Ne4 Nxe4 24. Qxe4 Bc8 25. Re2 Qc5 26. b3 Rd4 27. Qe3
b6 28. Bd5 Bg4 29. f3 Be6 30. Be4 a5 31. Bb1 Bd7 32. Kg2 Bc6 33. Rfe1 a4 34. b4
Qd6 35. c5 bxc5 36. bxc5 Qxc5 37. Rc1 Qb6 38. Qc3 Bd5 39. Rxe5 Bxf3+ 40. Kxf3
Rxe5 41. Qxd4 Qf6+ 42. Qf4 Qxf4+ 43. gxf4 Re8 44. Bf5 g6 45. Rc8 Kf8 46. Rxe8+
Kxe8 47. Be4 a3 48. Ke3 Kd7 49. h4 1-0

[Event "CAN-op"]
[Site "Calgary CAN"]
[Date "1996.07.17"]
[Round "6"]
[White "Gentes, Kevin"]
[Black "Veszely, Frank"]
[Result "1-0"]
[WhiteElo "2373"]
[BlackElo "2078"]
[PlyCount "75"]
[EventDate "1996.07.13"]
[EventType "swiss"]
[EventRounds "10"]
[EventCountry "CAN"]
[SourceDate "2003.08.17"]

1. e4 c5 2. Nf3 e6 3. d4 cxd4 4. Nxd4 Nf6 5. Nc3 Nc6 6. Ndb5 d6 7. Bf4 e5 8.
Bg5 a6 9. Na3 Be6 10. Nc4 Be7 11. Bxf6 gxf6 12. Ne3 Nd4 13. Bd3 Rg8 14. O-O Kf8
15. Ncd5 Kg7 16. c3 Bxd5 17. Nxd5 Ne6 18. Qh5 Nc5 19. Rad1 Kh8 20. Qxf7 Rg7 21.
Qh5 Qg8 22. Qf3 Rf8 23. Bc2 Bd8 24. b4 Ne6 25. Ne3 Ng5 26. Qf5 Qxa2 27. Rxd6
Qf7 28. Rfd1 Be7 29. Rd7 Qh5 30. Kh1 Qh4 31. g3 Qh5 32. Kg2 Qf7 33. Nd5 Re8 34.
Nc7 Reg8 35. h4 Qa2 36. R1d2 Qa1 37. hxg5 Rxg5 38. Qf3 1-0

[Event "CAN-op"]
[Site "Calgary CAN"]
[Date "1996.07.17"]
[Round "6"]
[White "Haessel, Dale"]
[Black "Huber, Greg"]
[Result "1-0"]
[WhiteElo "2196"]
[BlackElo "2381"]
[PlyCount "75"]
[EventDate "1996.07.13"]
[EventType "swiss"]
[EventRounds "10"]
[EventCountry "CAN"]
[SourceDate "2003.08.17"]

1. e4 c5 2. Nf3 d6 3. d4 cxd4 4. Nxd4 Nf6 5. Nc3 a6 6. Be3 e6 7. Qd2 b5 8. f3
Nbd7 9. g4 h6 10. O-O-O Bb7 11. Bd3 b4 12. Nce2 d5 13. exd5 Nxd5 14. Nf4 Qa5
15. Bc4 N7b6 16. Nb3 Nxc4 17. Nxa5 Nxd2 18. Bxd2 O-O-O 19. Nxb7 Kxb7 20. Be3
Be7 21. Nxd5 Rxd5 22. Rxd5 exd5 23. Bd4 Bg5+ 24. Kd1 Rg8 25. h4 Bd8 26. h5 Kc6
27. Kd2 Bg5+ 28. Kd3 Re8 29. Rh2 Re1 30. c3 bxc3 31. bxc3 Rd1+ 32. Kc2 Rc1+ 33.
Kb2 f6 34. Re2 Rf1 35. Re6+ Kb5 36. Rb6+ Kc4 37. a4 Rxf3 38. Kc2 1-0

[Event "CAN-op"]
[Site "Calgary CAN"]
[Date "1996.07.17"]
[Round "6"]
[White "Maric, Victor"]
[Black "Thibodeau, Paul"]
[Result "1-0"]
[WhiteElo "2191"]
[BlackElo "2051"]
[PlyCount "53"]
[EventDate "1996.07.13"]
[EventType "swiss"]
[EventRounds "10"]
[EventCountry "CAN"]
[SourceDate "2003.08.17"]

1. e4 e5 2. Nf3 Nc6 3. Bc4 Bc5 4. c3 Nf6 5. d4 exd4 6. e5 d5 7. Bb5 Ne4 8. cxd4
Bb4+ 9. Nbd2 O-O 10. Qa4 a5 11. O-O Nxd4 12. Nxd4 Bxd2 13. f3 Nc5 14. Qc2 Bxc1
15. Raxc1 Ne6 16. Nxe6 Bxe6 17. Qxc7 Qxc7 18. Rxc7 Rab8 19. Rfc1 Rfc8 20. Rxc8+
Rxc8 21. Rxc8+ Bxc8 22. Kf2 Be6 23. Ke3 d4+ 24. Kxd4 Bxa2 25. Kc5 Kf8 26. Bc4
Bb1 27. Kb6 1-0

[Event "CAN-op"]
[Site "Calgary CAN"]
[Date "1996.07.17"]
[Round "6"]
[White "McKay, Tom"]
[Black "Litchfield, Gerry"]
[Result "1-0"]
[WhiteElo "1614"]
[BlackElo "1738"]
[PlyCount "37"]
[EventDate "1996.07.13"]
[EventType "swiss"]
[EventRounds "10"]
[EventCountry "CAN"]
[SourceDate "2003.08.17"]

1. e4 d6 2. d4 Nf6 3. Nc3 c6 4. Nf3 Bg4 5. Be2 e6 6. h3 Bh5 7. g4 Bg6 8. Bg5
Be7 9. Bxf6 Bxf6 10. Qd3 Nd7 11. O-O-O d5 12. h4 h6 13. h5 Bh7 14. Kb1 O-O 15.
Qe3 dxe4 16. Nxe4 Be7 17. Bd3 Qc7 18. g5 Bxe4 19. Qxe4 1-0

[Event "CAN-op"]
[Site "Calgary CAN"]
[Date "1996.07.17"]
[Round "6"]
[White "Neven, Knut"]
[Black "Day, Lawrence"]
[Result "0-1"]
[WhiteElo "2220"]
[BlackElo "2431"]
[PlyCount "72"]
[EventDate "1996.07.13"]
[EventType "swiss"]
[EventRounds "10"]
[EventCountry "CAN"]
[SourceDate "2003.08.17"]

1. c4 d6 2. d4 Nf6 3. Nc3 Bf5 4. Nf3 h6 5. e3 Nbd7 6. Bd3 Bxd3 7. Qxd3 c6 8.
O-O g6 9. b3 Bg7 10. Bb2 O-O 11. Rfd1 a6 12. a4 Re8 13. e4 Qc7 14. b4 Rad8 15.
Qc2 e6 16. Rac1 a5 17. bxa5 Qxa5 18. Ba3 Qc7 19. e5 dxe5 20. dxe5 Ng4 21. Bd6
Qa5 22. Re1 h5 23. h3 Nh6 24. Nh4 Nf5 25. Nxf5 exf5 26. f4 Bf8 27. Bxf8 Kxf8
28. Red1 Nc5 29. Rxd8 Rxd8 30. g4 hxg4 31. hxg4 Rd3 32. Qh2 Kg8 33. Ne2 fxg4
34. f5 Rh3 35. Qg2 Nd3 36. fxg6 Qc5+ 0-1

[Event "CAN-op"]
[Site "Calgary CAN"]
[Date "1996.07.17"]
[Round "6"]
[White "Quiring, John"]
[Black "Wilson, Ted"]
[Result "0-1"]
[WhiteElo "2033"]
[BlackElo "2177"]
[PlyCount "70"]
[EventDate "1996.07.13"]
[EventType "swiss"]
[EventRounds "10"]
[EventCountry "CAN"]
[SourceDate "2003.08.17"]

1. d4 g6 2. e4 Bg7 3. Nc3 d6 4. f4 Nf6 5. Nf3 Bg4 6. Be3 O-O 7. h3 Bxf3 8. Qxf3
Nc6 9. e5 Nd7 10. d5 Nb4 11. O-O-O dxe5 12. a3 exf4 13. Bxf4 Na6 14. g4 Nac5
15. h4 Nf6 16. h5 a6 17. Be2 Qd7 18. Qe3 b6 19. Bh6 Bxh6 20. Qxh6 g5 21. Qxg5+
Kh8 22. Qe3 Nxg4 23. Bxg4 Qxg4 24. Rdg1 Qd7 25. Rh3 Rg8 26. Rhg3 Qd6 27. b4 Nd7
28. Ne4 Qe5 29. Kb1 Rxg3 30. Rxg3 Rg8 31. Ng5 Rf8 32. Qg1 Nf6 33. h6 Qxd5 34.
Rd3 Qa8 35. Nxh7 Rg8 0-1

[Event "CAN-op"]
[Site "Calgary CAN"]
[Date "1996.07.17"]
[Round "6"]
[White "Sieber, Stephan"]
[Black "Alderton, Peter"]
[Result "1/2-1/2"]
[WhiteElo "1551"]
[BlackElo "1722"]
[PlyCount "35"]
[EventDate "1996.07.13"]
[EventType "swiss"]
[EventRounds "10"]
[EventCountry "CAN"]
[SourceDate "2003.08.17"]

1. e4 e5 2. d4 exd4 3. c3 dxc3 4. Bc4 cxb2 5. Bxb2 d5 6. Bxd5 Bb4+ 7. Nd2 Bxd2+
8. Qxd2 Nf6 9. Qg5 O-O 10. O-O-O Qe7 11. Ne2 Nbd7 12. Nf4 h6 13. Qg3 Kh8 14.
Kb1 Ne5 15. Bb3 Nxe4 16. Qe3 Bf5 17. Ka1 Rfe8 18. Nd5 1/2-1/2

[Event "CAN-op"]
[Site "Calgary CAN"]
[Date "1996.07.17"]
[Round "6"]
[White "Spraggett, Kevin"]
[Black "Smirin, Ilia"]
[Result "1-0"]
[WhiteElo "2600"]
[BlackElo "2625"]
[PlyCount "77"]
[EventDate "1996.07.13"]
[EventType "swiss"]
[EventRounds "10"]
[EventCountry "CAN"]
[SourceDate "2003.08.17"]

1. e4 c5 2. Nf3 d6 3. d4 cxd4 4. Nxd4 Nf6 5. Nc3 Nc6 6. Bg5 e6 7. Qd2 a6 8.
O-O-O h6 9. Be3 Be7 10. f4 Nxd4 11. Bxd4 b5 12. Bd3 Bb7 13. Rhe1 O-O 14. Kb1 b4
15. Na4 Bc6 16. Nb6 Rb8 17. Nc4 Nxe4 18. Bxe4 Bxe4 19. Bxg7 Kxg7 20. Qd4+ Bf6
21. Qxe4 d5 22. Qe2 Qc7 23. Ne5 Rbc8 24. Ng4 Be7 25. Qd2 a5 26. Re2 f5 27. Ne5
Bf6 28. h3 a4 29. Qxb4 Bxe5 30. fxe5 Qc6 31. Rd4 Ra8 32. Qd2 Rab8 33. a3 Rb7
34. Rh4 f4 35. Rg4+ Kh7 36. Qd3+ Kh8 37. Qg6 Rh7 38. Rf2 Qc4 39. g3 1-0

[Event "CAN-op"]
[Site "Calgary CAN"]
[Date "1996.07.17"]
[Round "6"]
[White "Wong, Ford"]
[Black "Ficko, Brady"]
[Result "1-0"]
[WhiteElo "2004"]
[BlackElo "1891"]
[PlyCount "61"]
[EventDate "1996.07.13"]
[EventType "swiss"]
[EventRounds "10"]
[EventCountry "CAN"]
[SourceDate "2003.08.17"]

1. d4 Nf6 2. c4 c5 3. d5 b5 4. cxb5 a6 5. bxa6 g6 6. Nc3 Bxa6 7. e4 Bxf1 8.
Kxf1 d6 9. g4 Bg7 10. g5 Nh5 11. Nge2 Nd7 12. Ng3 Nxg3+ 13. hxg3 Qb6 14. Qe2
Qa6 15. f4 Qxe2+ 16. Kxe2 O-O 17. Kd3 Rfb8 18. Kc2 Rb4 19. Bd2 Rab8 20. Rab1 e6
21. b3 Bxc3 22. Bxc3 Rxe4 23. Rxh7 Kf8 24. Bf6 Ke8 25. Rh8+ Nf8 26. Rxf8+ Kxf8
27. Rh1 Ke8 28. Rh8+ Kd7 29. Rxb8 exd5 30. Rb7+ Ke8 31. a4 1-0